Google maps - 'C' London Underground stations Quiz Stats

 Plays Quiz not verified by Sporcle

Score 0/21 Timer 20:00
0 Plays Today
% Correct
Chancery Lane
80.3%
Camden Town
79.4%
Clapham South
77.1%
Canada Water
76.6%
Charing Cross
76.6%
Covent Garden
76.6%
Clapham Common
72.5%
Chalk Farm
70.2%
Clapham North
68.8%
Caledonian Road
68.3%
Canning Town
67.9%
% Correct
Cockfosters
67.9%
Chiswick Park
65.6%
Chalfont & Latimer
62.8%
Chesham
62.8%
Canons Park
61%
Colliers Wood
60.1%
Chorleywood
59.2%
Colindale
58.7%
Chigwell
58.3%
Croxley
56.9%

You're not logged in!

Compare scores with friends on all Sporcle quizzes.
OR
Log In

Sporcle TV

Today on Sporcle TV


Watch our educational content, quiz creation guides, and fun videos on Sporcle TV.

Show Comments

Extras

Top Quizzes Today


Score Distribution

Your Account Isn't Verified!

In order to create a playlist on Sporcle, you need to verify the email address you used during registration. Go to your Sporcle Settings to finish the process.

Report this User

Report this user for behavior that violates our Community Guidelines.

Details: